| 000 | 01202nam a2200325 a 4500 | ||
|---|---|---|---|
| 001 | 000109690 | ||
| 003 | CHAP | ||
| 005 | 20220329144100.0 | ||
| 008 | 140520s2014 mx sm |||||||spa d | ||
| 010 | _a106152 | ||
| 011 | _a107124 | ||
| 040 | _cCHAP | ||
| 090 | _aTesis | ||
| 100 | 1 |
_aGarcía Reyes, Ursicio _9126949 |
|
| 245 | 1 | 0 |
_aControl químico del zacate bermuda (Cynodon dactylon L.) en el cultivo de maíz, bajo dos sistemas de labranza _h[En línea] _cpor Ursicio García Reyes. |
| 260 |
_aChapingo, Méx. : _bEl autor, _c2014. |
||
| 500 | _aPara ver el contenido del material haga clic en la liga | ||
| 502 | _aTesis (Ing. Agr. Esp. en Parasitología Agrícola) -- UACH. Departamento de Parasitología Agrícola | ||
| 590 |
_aBATCH-UPD _b10 _c20141002 _lUCH01 _h0904 |
||
| 590 |
_aE11695DGD _b10 _c20140529 _lUCH01 _h1443 |
||
| 590 |
_aE5765TAJ _b05 _c20140520 _lUCH01 _h1153 |
||
| 590 |
_aE5765TAJ _b05 _c20140520 _lUCH01 _h1154 |
||
| 650 | 1 | 4 |
_aCynodon dactylon. _930800 |
| 650 | 1 | 4 |
_aLabranza. _964303 |
| 650 | 1 | 4 |
_aMaíz _xMalas hierbas _xControl. _971003 |
| 856 |
_aFinding aid _uhttp://10.13.5.2/tesis/sist109690.pdf _zTeclea aquí |
||
| 901 | _aBK | ||
| 942 | _cTESIS | ||
| 942 | _n0 | ||
| 999 |
_c106152 _d106152 |
||